000 01111nab a22002657a 4500
999 _c6385
_d6385
003 OSt
005 20260201155830.0
008 190506c xxu||||| |||| 00| 0 spa d
040 _cPJ
100 _97027
_aStutz, Carla Andrea
245 1 0 _aAnálisis del dec. 34/2019. El poder de dirección del empleador y la intervención estatal /
_cCarla Andrea Stutz.
260 _aBuenos Aires :
_bAbeledoPerrot,
_c2023.
300 _ap. 24-26
500 _aCita: TR LALEY AR/DOC/1713/2023
505 _aSumario: I. Dec. 34/2019.— II. El principio de autoridad del empleador.— III. Intervención estatal.
505 _t¿Te interesa el texto completo? Comunicate al correo: koha@justierradelfuego.gov.ar
650 0 _91316
_aDERECHO LABORAL
650 0 _91323
_aCONTRATO DE TRABAJO
650 0 _91383
_aLEY DE CONTRATO DE TRABAJO
650 0 _91319
_aCONDICIONES DE TRABAJO
650 0 _91803
_aRELACIONES LABORALES
650 0 _91318
_aREMUNERACION
773 0 _02751
_93202
_dBuenos Aires : AbeledoPerrot, 2013-
_tRevista de derecho laboral y seguridad social. Nº 17 - Septiembre 2023
942 _2udc
_cANA